000 00557nam a2200229Ia 4500
003 OSt
005 20220924151345.0
006 a|||||r|||| 00| 0
007 ta
008 220923b |||||||| |||| 00| 0 tel d
024 _a337366
037 _cTextual
040 _aARTS
_cARTS
_btel
041 _2tel
_atel
082 _aO35,6N36:g, N4
100 _aRao Au.
245 0 _aSahiti vyasagam
260 _c1994
650 _aTELUGU LANGUAGE
_9155493
942 _hO35,6N36:g, N4
_cTEXL
_2CC
999 _c466318
_d466318